Skiny ze skrzynki Chromatyczności 2. - Statystyki

Ogólne statystyki
  • Ten quiz został rozwiązany 6 razy
  • Średni wynik to 11 z 15
Statystyki odpowiedzi
Jakość Broń Skin % Poprawnych
Niebieski AK-47 Elitarny
100%
Czerwony M4A1-S Hiperbestia
100%
Czerwony MAC-10 Neonowy jeździec
100%
Fioletowy AWP Robaczy Bóg
100%
Niebieski P250 Walencja
100%
Różowy Galil AR Eco
80%
Niebieski Obrzyn Origami
80%
Niebieski Desert Eagle Brązowe deco
60%
Różowy FAMAS Dżin
60%
Fioletowy UMP-45 Grand Prix
60%
Różowy Five-SeveN Małpi biznes
60%
Niebieski Negev Okręt wojenny
60%
Fioletowy MAG-7 Skwar
60%
Fioletowy CZ75-Auto Pole position
40%
Niebieski MP7 Pancerny rdzeń
20%
Nie znaleziono quizów pasujących do podanych kryteriów
Rozkład punktacji
Procent ludzi z każdym wynikiem
Percentyl według liczby udzielonych odpowiedzi
Twoja historia wyników
Nie rozwiązałeś tego quizu